[Event "Michigan Open Reserve"]
[Site "Lansing, MI"]
[Date "2001.09.02"]
[Round "4.21"]
[White "Hodge, Larry"]
[Black "Holden, Anthony"]
[Result "1-0"]
[WhiteElo "1449"]
[BlackElo "1503"]
[PlyCount "85"]
[EventDate "2001.08.31"]

1. e4 c5 2. Nf3 e5 3. Bc4 Nc6 4. c3 d6 5. d3 Bg4 6. Nbd2 a6 7. a3 Nge7 8. h3
Bh5 9. O-O b5 10. Bd5 Nxd5 11. exd5 Ne7 12. c4 f5 13. Re1 g5 14. g4 Bg6 15.
Nxg5 fxg4 16. Ne6 Qc8 17. hxg4 Bxd3 18. Ne4 Bxe4 19. Rxe4 Ra7 20. b3 Ng6 21.
Be3 Rf7 22. g5 h5 23. Kg2 Nh4+ 24. Rxh4 Be7 25. Rxh5 Kd7 26. Qg4 Rxh5 27. Qxh5
Qg8 28. Qg4 Ke8 29. Rh1 Bf6 30. f3 Bd8 31. Rh6 Ba5 32. f4 bxc4 33. bxc4 Bc3 34.
f5 Rb7 35. f6 Rb2+ 36. Kf3 Rb1 37. Qh5+ Kd7 38. Rh7+ Kc8 39. Ke4 Bd4 40. Rh8
Qxh8 41. Qxh8+ Kb7 42. Qg7+ Ka8 43. Qf8+ 1-0

[Event "Michigan Open"]
[Site "Lansing, MI"]
[Date "2001.09.02"]
[Round "4.8"]
[White "Henke, Richard"]
[Black "Carl, Kevin"]
[Result "1/2-1/2"]
[WhiteElo "1852"]
[BlackElo "2063"]
[PlyCount "82"]
[EventDate "2001.08.31"]

1. c4 Nf6 2. g3 g6 3. Bg2 Bg7 4. Nc3 d6 5. e4 O-O 6. Nge2 c5 7. O-O Nc6 8. d3
Rb8 9. Rb1 a6 10. f4 e6 11. h3 Ne8 12. Be3 b5 13. e5 Nd4 14. Nxd4 cxd4 15. Bxd4
dxe5 16. Ba7 exf4 17. Bxb8 Qb6+ 18. Kh1 Qxb8 19. gxf4 Nd6 20. cxb5 Nf5 21. Qf3
axb5 22. Ne2 Qa7 23. Qa8 Qe7 24. Rbc1 Bd7 25. Qe4 Bxb2 26. Rc2 Bg7 27. Rfc1 Qd6
28. Qf3 Bh6 29. Rc7 Rd8 30. d4 Ne7 31. R7c2 Nd5 32. Rf1 b4 33. Qf2 Bb5 34. Bxd5
Qxd5+ 35. Kg1 Ra8 36. Rc5 Qb7 37. Rfc1 Rxa2 38. Rc7 Qa6 39. Qh4 Qa3 40. Qxh6
Qe3+ 41. Kh1 Qf3+ 1/2-1/2

[Event "Michigan Open Reserve"]
[Site "Lansing, MI"]
[Date "2001.09.02"]
[Round "5.19"]
[White "Hazzard, Bill"]
[Black "Swathell, Gary"]
[Result "1-0"]
[WhiteElo "1520"]
[BlackElo "1570"]
[PlyCount "77"]
[EventDate "2001.08.31"]

1. e4 d6 2. d4 Nf6 3. Nc3 g6 4. Nf3 Bg7 5. Be3 O-O 6. Bc4 b6 7. O-O Ba6 8. Qd3
Bxc4 9. Qxc4 c5 10. e5 Ng4 11. e6 Nxe3 12. exf7+ Kh8 13. fxe3 Nd7 14. Rae1 Nf6
15. Ng5 d5 16. Qe2 Qd6 17. Qf3 Bh6 18. Nh3 Rad8 19. g4 Bg7 20. Qf4 Qd7 21. Nf2
e6 22. Ne2 Rxf7 23. c3 Rdf8 24. Qg5 Qb5 25. Nf4 Qd7 26. Qh4 Kg8 27. g5 Ne8 28.
Ng4 Rf5 29. Nh3 Rxf1+ 30. Rxf1 Rxf1+ 31. Kxf1 Qf7+ 32. Ke2 Qf5 33. Nf4 Qe4 34.
Qf2 cxd4 35. cxd4 Bxd4 36. Nh6+ Kg7 37. Nh5+ gxh5 38. Qf7+ Kh8 39. Qg8# {
[Rated at 3. Not really that good a game, but it does contain a slimy swindle.
White sets the early pace. Black defends carefully, and finally snaffles a
pawn--which walks right into mate in four.]} 1-0

[Event "Michigan Open"]
[Site "Lansing, MI"]
[Date "2001.09.02"]
[Round "4.45"]
[White "Hankinson, Chris"]
[Black "Kriseler, Mark"]
[Result "1/2-1/2"]
[WhiteElo "2072"]
[BlackElo "1952"]
[PlyCount "61"]
[EventDate "2001.08.31"]

1. c4 e6 2. g3 h5 3. h4 d5 4. Bg2 g5 5. hxg5 Qxg5 6. Nh3 Qg7 7. cxd5 exd5 8.
Qc2 c6 9. Nf4 h4 10. Bxd5 hxg3 11. Rg1 gxf2+ 12. Kxf2 Qf6 13. e3 Bd6 14. Qe4+
Ne7 15. Bc4 Rh2+ 16. Ke1 Qh4+ 17. Kd1 Bg4+ 18. Rxg4 Qxg4+ 19. Kc2 Qf5 20. Nc3
Nd7 21. Nd3 Nc5 22. Qd4 O-O-O 23. e4 Nxe4 24. Qxe4 Qxe4 25. Nxe4 f5 26. Nxd6+
Rxd6 27. a4 Nd5 28. b3 Ne3+ 29. Kc3 Nxc4 30. Kxc4 Rh4+ 31. Kc3 1/2-1/2

[Event "Michigan Open"]
[Site "Lansing, MI"]
[Date "2001.09.02"]
[Round "1.44"]
[White "Hankinson, Chris"]
[Black "Decker, Dale"]
[Result "1-0"]
[WhiteElo "2072"]
[BlackElo "1852"]
[PlyCount "65"]
[EventDate "2001.08.31"]

1. c4 g6 2. Nc3 Bg7 3. e4 e6 4. g3 b6 5. Bg2 Bb7 6. Nge2 Ne7 7. O-O O-O 8. d3
d6 9. f4 Nd7 10. g4 a6 11. f5 exf5 12. gxf5 gxf5 13. exf5 Bxg2 14. Kxg2 Nf6 15.
Bg5 Qd7 16. Ng3 d5 17. Qf3 dxc4 18. Bxf6 Bxf6 19. dxc4 Qc6 20. Nd5 Nxd5 21.
cxd5 Qd6 22. Ne4 Qe5 23. Rad1 Kh8 24. Rf2 Rg8+ 25. Kh1 Bh4 26. Re2 Rae8 27. Qh5
Bf6 28. Ng5 Rxg5 29. Rxe5 Rxe5 30. Qh6 Rexf5 31. Re1 Be5 32. h4 Rh5 33. Qf8#
1-0

[Event "Michigan Open"]
[Site "Lansing, MI"]
[Date "2001.09.02"]
[Round "5.16"]
[White "Hankinson, Chris"]
[Black "Cottrell-Finegold, Kelly"]
[Result "0-1"]
[WhiteElo "2072"]
[BlackElo "1076"]
[PlyCount "52"]
[EventDate "2001.08.31"]

1. Nc3 Nf6 2. e4 e5 3. Bc4 Bc5 4. d3 d6 5. Na4 Nbd7 6. Nxc5 Nxc5 7. f4 Bg4 8.
Nf3 O-O 9. h3 Bxf3 10. Qxf3 Ncd7 11. f5 Nb6 12. Bb3 d5 13. g4 dxe4 14. Qg2 exd3
15. g5 Nh5 16. g6 Qh4+ 17. Kd1 dxc2+ 18. Kxc2 Kh8 19. gxf7 Rad8 20. Bg5 Qd4 21.
Rad1 Qc5+ 22. Kb1 Rd4 23. Qf3 Nf4 24. f6 Nc4 25. Rxd4 Qxd4 26. Bxf4 Qxb2# 0-1

[Event "Michigan Open"]
[Site "Lansing, MI"]
[Date "2001.09.02"]
[Round "4.43"]
[White "Hahn, David"]
[Black "Davidovich, Manis"]
[Result "1/2-1/2"]
[WhiteElo "2162"]
[BlackElo "1958"]
[PlyCount "59"]
[EventDate "2001.08.31"]

1. c4 b6 2. Nf3 Bb7 3. g3 Bxf3 4. exf3 c5 5. d4 Nc6 6. d5 Nd4 7. Bg2 g6 8. O-O
Nh6 9. Nc3 Bg7 10. Re1 O-O 11. Be3 Nhf5 12. Rb1 a6 13. a4 Rb8 14. f4 b5 15.
axb5 axb5 16. cxb5 Nxb5 17. Bxc5 Nxc3 18. bxc3 Bxc3 19. Re2 d6 20. Ba7 Rxb1 21.
Qxb1 Qc7 22. Rc2 Qxa7 23. Rxc3 h5 24. Rb3 Rc8 25. Rb7 Qc5 26. Be4 Qc1+ 27. Qxc1
Rxc1+ 28. Kg2 Kf8 29. Bxf5 gxf5 30. Rb2 1/2-1/2

[Event "Michigan Open Reserve"]
[Site "Lansing, MI"]
[Date "2001.09.02"]
[Round "5.20"]
[White "Griffin, John"]
[Black "Guilfoyle, Jeff"]
[Result "1-0"]
[WhiteElo "1561"]
[BlackElo "1402"]
[PlyCount "59"]
[EventDate "2001.08.31"]

1. d4 d5 2. c4 e6 3. Nf3 Nf6 4. e3 Be7 5. Qc2 O-O 6. Nc3 c6 7. Bd3 Nbd7 8. O-O
Re8 9. b3 h6 10. Bb2 Bd6 11. e4 dxe4 12. Nxe4 Nxe4 13. Bxe4 Qc7 14. Bd3 c5 15.
Rfe1 b6 16. d5 Bb7 17. h3 exd5 18. cxd5 Bxd5 19. Be4 Bxe4 20. Rxe4 Qd8 21. Rae1
Rxe4 22. Rxe4 Qf8 23. Qc3 Nf6 24. Re2 Re8 25. Ne5 Re7 26. f4 Nh5 27. Rd2 Bxe5
28. fxe5 f6 29. Rf2 Rxe5 30. Qc4+ {[Rated at 1. It does have a cute little
cheapo at the end, but Black was better before blundering and White did
nothing to deserve his good fortune.]} 1-0

[Event "Michigan Open Reserve"]
[Site "Lansing, MI"]
[Date "2001.09.02"]
[Round "4.12"]
[White "Griffin, John"]
[Black "Bailey, Dennis"]
[Result "0-1"]
[WhiteElo "1561"]
[BlackElo "1268"]
[PlyCount "88"]
[EventDate "2001.08.31"]

1. d4 Nf6 2. c4 g6 3. Nc3 Bg7 4. e4 d6 5. Nf3 O-O 6. h3 Na6 7. Be3 c5 8. d5 Nc7
9. Be2 Rb8 10. Rb1 a6 11. Qd2 b5 12. cxb5 axb5 13. Qc2 b4 14. Nd1 Nxe4 15. Ng5
Nxg5 16. Bxg5 Nxd5 17. Qd2 Bf5 18. Rc1 Nf6 19. Bh6 Qd7 20. Bxg7 Kxg7 21. Ne3
Ne4 22. Nxf5+ Qxf5 23. Bg4 Nxd2 24. Bxf5 gxf5 25. Kxd2 Kf6 26. Rc4 e5 27. g3
Rbc8 28. a4 bxa3 29. bxa3 d5 30. Rh4 Kg6 31. Ra4 Ra8 32. Rxa8 Rxa8 33. Ra1 Ra4
34. f3 h5 35. Ke2 c4 36. Kd2 d4 37. Ke2 e4 38. h4 e3 39. g4 f4 40. Kd1 d3 41.
Kc1 c3 42. Kd1 Rc4 43. a4 c2+ 44. Kc1 d2+ 0-1

[Event "Michigan Open Booster"]
[Site "Lansing, MI"]
[Date "2001.09.02"]
[Round "4.7"]
[White "Gregg, Ted"]
[Black "Vasos, John"]
[Result "1-0"]
[WhiteElo "1182"]
[BlackElo "1160"]
[PlyCount "93"]
[EventDate "2001.08.31"]

1. f4 e6 2. Nf3 Nc6 3. e3 b6 4. Be2 Rb8 5. O-O Nf6 6. b3 g6 7. Bb2 Bg7 8. Qe1
O-O 9. Ne5 Nb4 10. Qd1 Bb7 11. Bf3 Nbd5 12. Nc3 d6 13. Nd3 Qd7 14. g4 Nxc3 15.
Bxc3 Ne4 16. Bxg7 Kxg7 17. Nf2 f5 18. Bxe4 fxe4 19. g5 e5 20. Ng4 exf4 21. exf4
Qc6 22. Ne3 Rf7 23. c4 Qd7 24. Qe1 Qh3 25. Qg3 Qd7 26. Rf2 h5 27. gxh6+ Kxh6
28. Rg2 Rg8 29. Qg5+ Kh7 30. Ng4 Kh8 31. Nh6 e3 32. Nxf7+ Qxf7 33. Qh6+ Qh7 34.
Qxh7+ Kxh7 35. Re2 g5 36. f5 Rf8 37. Rf1 Be4 38. Rxe3 Bxf5 39. Re7+ Kg6 40.
Rxc7 Rf7 41. Rxf7 Kxf7 42. Rxf5+ Kg6 43. Rd5 g4 44. Rxd6+ Kf5 45. Kf2 Ke5 46.
Rd5+ Ke4 47. Kg3 1-0

[Event "Michigan Open"]
[Site "Lansing, MI"]
[Date "2001.09.02"]
[Round "5.7"]
[White "Gregg, Alan"]
[Black "Aldrich, Jeff"]
[Result "1/2-1/2"]
[WhiteElo "2162"]
[BlackElo "1900"]
[PlyCount "114"]
[EventDate "2001.08.31"]

1. e4 c6 2. d4 d5 3. e5 Bf5 4. Nf3 e6 5. Bd3 Bxd3 6. Qxd3 Ne7 7. O-O Nf5 8. b3
c5 9. c3 cxd4 10. cxd4 Nc6 11. a3 Be7 12. Nc3 a6 13. Ne2 O-O 14. Bb2 Rc8 15.
Rfc1 Qb6 16. Rc2 Na5 17. Nd2 Bg5 18. Rxc8 Rxc8 19. f4 Be7 20. Kf2 f6 21. g4 Nh6
22. Kg3 Rf8 23. b4 Nc6 24. Nf3 Qd8 25. h3 Kh8 26. Kg2 Qe8 27. Bc1 Qg6 28. Qxg6
hxg6 29. exf6 gxf6 30. f5 Ng8 31. Nf4 Rc8 32. Nxg6+ Kg7 33. Nxe7 Ngxe7 34. fxe6
Nd8 35. Bd2 Nxe6 36. Rc1 Rg8 37. Re1 Kf7 38. Kf2 Nc8 39. Ke3 Nd6 40. Kd3 Nc4
41. Bc1 b5 42. Rf1 Ke7 43. Nh4 Ng5 44. Nf5+ Kd7 45. Ne3 Nxe3 46. Bxe3 Ne4 47.
Rf5 Ke6 48. Rh5 Rc8 49. Bd2 Rc4 50. g5 Nxd2 51. Kxd2 Rxd4+ 52. Kc3 Rc4+ 53. Kd3
a5 54. gxf6 Kxf6 55. bxa5 Ra4 56. Rxd5 Rxa5 57. Kd4 Rxa3 1/2-1/2

[Event "Michigan Open Booster"]
[Site "Lansing, MI"]
[Date "2001.09.02"]
[Round "4.41"]
[White "Gattinger, John"]
[Black "Sobh, Tarek"]
[Result "1-0"]
[WhiteElo "1192"]
[BlackElo "1291"]
[PlyCount "53"]
[EventDate "2001.08.31"]

1. d4 d5 2. c4 c6 3. Nc3 e6 4. Nf3 f6 5. a3 Be7 6. cxd5 exd5 7. Bf4 Bd6 8. Bxd6
Qxd6 9. e3 Ne7 10. Be2 O-O 11. O-O Be6 12. Qb3 Qc7 13. e4 Nd7 14. Qc2 Ng6 15.
Bd3 Nf4 16. exd5 Nxd3 17. dxe6 N7c5 18. dxc5 Nxc5 19. Rfe1 Qe7 20. b4 Nxe6 21.
Qb3 Qf7 22. Qxe6 Qxe6 23. Rxe6 f5 24. Rd1 f4 25. Rd7 Rab8 26. Ree7 c5 27. Rxg7+
1-0

[Event "Michigan Open"]
[Site "Lansing, MI"]
[Date "2001.09.02"]
[Round "3.41"]
[White "Gabbara, Faris"]
[Black "Fischvogt, Eric"]
[Result "1-0"]
[WhiteElo "2053"]
[BlackElo "2238"]
[PlyCount "43"]
[EventDate "2001.08.31"]

1. d4 d5 2. c4 dxc4 3. e4 c5 4. d5 e6 5. Bxc4 exd5 6. Qxd5 Qxd5 7. Bxd5 Nf6 8.
Nc3 Nxd5 9. Nxd5 Bd6 10. Nf3 Nc6 11. O-O Bg4 12. Nd2 Rd8 13. f3 Be6 14. Nc4
Bxd5 15. exd5 Nb4 16. Re1+ Kf8 17. Rd1 Nxd5 18. Rxd5 Bxh2+ 19. Kxh2 Rxd5 20.
Bf4 f6 21. Re1 g5 22. Bd6+ 1-0

[Event "Michigan Open"]
[Site "Lansing, MI"]
[Date "2001.09.02"]
[Round "2.42"]
[White "Gabbara, Faris"]
[Black "Czuhai, Kevin"]
[Result "1-0"]
[WhiteElo "2053"]
[BlackElo "2203"]
[Annotator "Faris Gabbara"]
[PlyCount "63"]
[EventDate "2001.08.31"]

{King's Indian: Classical (Anderssen)} 1. d4 Nf6 2. Nf3 g6 3. c4 Bg7 4. Nc3 O-O
5. e4 d6 6. Be2 e5 7. dxe5 ({Most strong players who gets involved in a lot of
opening preparations will agree that} 7. d5 {is a better line by far against
the King's Indian. The Exchange Variation is good for Swiss tournaments,
especially in a limited time control and when not expected. I adopted this
line from Fred Lindsay; he played it with success against Vadim in early or
mid-nineties.}) 7... dxe5 8. Bg5 ({ECO doesn't give a whole lot on this
particular variation. I don't remember the entire game Lindsay played versus 
(Vadim) that time, but I memorized this....} 8. Qxd8 Rxd8 9. Bg5 Rf8 $6 (9...
Re8 {is better, Vadim was following the main principle objective in the King's
Indian by breaking through f7-f5, but with the queens off the board, black
doesn't have time to proceed that way, and the Rook can more useful on the
e-file!})) 8... Qxd1+ 9. Rxd1 {White gained a move, because black initiated
the queen exchange and white doesn't have to play Rd1 later. On the other hand,
if black misplaces his queen to e7 or e8, then white clearly better out of the
opening. The best line for black is 8...Nbd7 9. 0-0 c6 and the queen has the
c7-a5 diagonal.} Na6 ({I may say I like} 9... Nc6 {better; there is no worry
or weaknesses with the c pawn. For example,} 10. Nd5 $2 ({NOTE: move to after
black is better. But,} 10. Bxf6 Bxf6 11. Nd5 Bd8 12. O-O Bg4 {is fairly equal.}
) 10... Nxe4 11. Nxc7 Rb8 12. Be3 f5 {and black is better.}) 10. O-O Bg4 11. h3
Bxf3 12. Bxf3 h6 13. Be3 c6 {I must say that white is better. Kevin is a
pretty sharp and aggressive player. My goal was one, to clip his wings early
by forcing the queen exchange; two, take a command control on the open file;
three, freeze his dangerous bishop on g7 temporarily ineffective.} 14. Rd6 Rfe8
$6 {Playing directly on the d-file is best.} 15. Rfd1 ({White doesn't benefit
a thing by going after the h-pawn; for instance} 15. Bxh6 Bxh6 16. Rxf6 Rad8
17. Rd1 Rxd1+ 18. Bxd1 Rd8 19. Rf3 Rd2 {Black has gained control of the d-file,
and is active. You give Kevin those chances, he'll take care of the rest!})
15... Nc7 16. Na4 $6 ({Now, it is not wrong to capture the h-pawn} 16. Bxh6
Bxh6 17. Rxf6 Rad8 ({NOTE: Move after variation. If} 17... Ne6 18. Be2 {then
Rf3}) 18. Rfd6) 16... Ne6 17. c5 Bf8 18. R6d2 Ng5 $2 {The knight was
strategically placed on the e6-square.} 19. Bxg5 hxg5 20. a3 Be7 21. b4 a5 $2 {
One last mistake came in time pressure, for both sides under 5 minutes.} 22.
Nb6 Rad8 23. Nc4 {Every time you don't have to think too hard for the best
moves on the board, you are in comfort. The rest is automatic.} Rxd2 24. Rxd2
axb4 25. axb4 Ra8 26. Nxe5 Ra1+ 27. Kh2 Rb1 28. Nd3 Rb3 29. e5 Ne8 30. Bd1 Rc3
31. Bg4 Nc7 32. Bc8 {The game went a few more moves, not recorded due to time
trouble.} 1-0

[Event "Michigan Open"]
[Site "Lansing, MI"]
[Date "2001.09.02"]
[Round "5.3"]
[White "Gabbara, Faris"]
[Black "Calton, Bill"]
[Result "1-0"]
[WhiteElo "2053"]
[BlackElo "2230"]
[Annotator "Don Vandivier"]
[PlyCount "133"]
[EventDate "2001.08.31"]

1. d4 f5 2. Bg5 g6 3. Nc3 Bg7 4. Nf3 Nf6 5. e3 d6 6. Bd3 Nbd7 7. O-O O-O 8. Re1
h6 9. Bxf6 {Black obtains the bishop pair at a slight weakness to his king
position.} Nxf6 10. e4 $1 {White strikes before black can complete his
development.} fxe4 11. Nxe4 Bf5 12. Nxf6+ Rxf6 13. Bxf5 {Well, so much for the
bishop pair.} Rxf5 14. Qe2 $1 {Forcing either 14...e5 or 14...Bf6. There are
subtle problems for Black in either case.} Bf6 15. Qe3 Kg7 16. g4 {White plays
this to send the Black rook out to nowhere's land.} Rb5 17. b3 Qd7 $1 {Black
now seizes the chance to complete his development with tempo.} 18. h3 c5 $1 {
Another nice shot, taking advantage of the pin on the a1-f6 diagonal.} 19. c3
cxd4 20. cxd4 {Not 20.Nxd4?! because of ...Re5} Re8 21. Rad1 d5 $6 {Black
probably did not like 21...Rb6 because of the reply 22.d5, but this move gives
White the advantage now.} 22. Ne5 Qd6 $2 {Looses... DIAGRAM! What would you
play for White?} 23. Nxg6 $6 {An inferior move because White had a pretty
continuation that was much better!} (23. Qxh6+ $3 Kxh6 24. Nf7+ Kg7 25. Nxd6)
23... Bg5 24. Qe5+ Qxe5 25. Nxe5 Rc8 26. Nf3 Bf6 27. Rc1 Rxc1 28. Rxc1 Rb4 29.
Rd1 Kf7 30. Kf1 Rb6 31. Ke2 Re6+ 32. Kd3 Re4 33. Re1 Rf4 {Black's only drawing
chances lie in keeping his rook on the board.} 34. Re3 e6 35. a4 Ke7 36. b4 a6
37. Kc3 Kd7 38. b5 axb5 39. axb5 b6 40. Rd3 Kd6 41. Kd2 Re4 42. Rc3 Bxd4 43.
Rc6+ Ke7 44. Nxd4 Rxd4+ 45. Ke2 Rb4 46. Rxb6 Kf6 47. Rb8 Ke5 48. b6 {2nd
Diagram for endgame A critical endgame decision for Black. Does he go after
the passed b-pawn or does he play 48...Ke4!?} Kd6 {He decides to stop the
b-pawn. The reader should examine the endgame if Black played 48... Ke4!?} 49.
b7 Kc7 50. Rh8 Kxb7 51. Rxh6 Re4+ 52. Kd3 Kc7 53. f3 Re1 54. Kd2 Re5 55. h4 Kd7
56. Rf6 Ke7 57. g5 d4 58. f4 Ra5 59. Kd3 e5 60. fxe5 Rxe5 61. Kxd4 Ra5 62. Ke3
Ra1 63. Rf4 Rg1 64. Kf2 Ra1 65. g6 Ra2+ 66. Kg3 Ra1 67. Kg4 1-0

[Event "Michigan Open Reserve"]
[Site "Lansing, MI"]
[Date "2001.09.02"]
[Round "3.43"]
[White "Foord, Allan"]
[Black "Sanborn, Richard"]
[Result "0-1"]
[WhiteElo "1500"]
[BlackElo "1729"]
[PlyCount "52"]
[EventDate "2001.08.31"]

1. e4 c5 2. Nf3 Nc6 3. d4 cxd4 4. Nxd4 d6 5. Bc4 Nf6 6. Nc3 g6 7. Be3 Bg7 8. f3
O-O 9. Qd2 Re8 10. O-O-O a6 11. h4 Qc7 12. Bb3 Na5 13. Kb1 Nc4 14. Bxc4 Qxc4
15. h5 Nxh5 16. Rxh5 gxh5 17. Rh1 e5 18. Nf5 Bxf5 19. exf5 h4 20. Ne4 Red8 21.
f6 d5 22. fxg7 dxe4 23. Qf2 exf3 24. Rxh4 Rd1+ 25. Bc1 Qe2 26. Qxf3 Qd2 0-1

[Event "Michigan Open Reserve"]
[Site "Lansing, MI"]
[Date "2001.09.02"]
[Round "1.44"]
[White "Foord, Allan"]
[Black "Moran, Matt"]
[Result "1-0"]
[WhiteElo "1500"]
[BlackElo "790"]
[PlyCount "78"]
[EventDate "2001.08.31"]

1. e4 c5 2. Nf3 d6 3. Nc3 Nf6 4. Ng5 h6 5. Nf3 Nc6 6. Bb5 a6 7. Bxc6+ bxc6 8.
d4 cxd4 9. Nxd4 Qc7 10. b4 Bg4 11. f3 Bh5 12. O-O Qb6 13. a3 e5 14. Be3 exd4
15. Bxd4 Qd8 16. Kh1 Be7 17. Na4 Nxe4 18. Bxg7 Rh7 19. Bb2 Nf6 20. Qb1 Bg6 21.
Qc1 a5 22. c3 axb4 23. Qd1 bxa3 24. Bxa3 Nd5 25. c4 Ne3 26. Qb3 Nxf1 27. Rxf1
Qa5 28. Bb4 Qxa4 29. Qb1 Bxb1 30. Rxb1 Qxb4 31. Rc1 Qxc4 32. Rg1 Bf6 33. h3 Ra1
34. Rxa1 Bxa1 35. Kh2 Be5+ 36. g3 Qe2+ 37. Kh1 Bxg3 38. Kg1 Qf2+ 39. Kh1 Qh2#
1-0

[Event "Michigan Open"]
[Site "Lansing, MI"]
[Date "2001.09.02"]
[Round "4.42"]
[White "Fischvogt, Eric"]
[Black "Czuhai, Kevin"]
[Result "1-0"]
[WhiteElo "2238"]
[BlackElo "2203"]
[PlyCount "46"]
[EventDate "2001.08.31"]

1. d4 Nf6 2. Bg5 Ne4 3. Bf4 c5 4. d5 Qb6 5. Nd2 Nxd2 6. Bxd2 Qxb2 7. e4 Qe5 8.
Bd3 Qc7 9. c4 d6 10. f4 Nd7 11. Nf3 Nf6 12. O-O Bg4 13. Bc3 O-O-O 14. Qa4 Kb8
15. Ba5 Qd7 16. Qb3 Bxf3 17. Rxf3 Rc8 18. Rb1 e6 19. dxe6 fxe6 20. e5 Ne8 21.
Be4 Rc6 22. Qb5 d5 23. cxd5 exd5 1-0

[Event "Michigan Open"]
[Site "Lansing, MI"]
[Date "2001.09.02"]
[Round "5.2"]
[White "Fischvogt, Eric"]
[Black "Chehayeb, Sal"]
[Result "1-0"]
[WhiteElo "2238"]
[BlackElo "1976"]
[PlyCount "105"]
[EventDate "2001.08.31"]

1. d4 Nf6 2. Bg5 g6 3. Bxf6 exf6 4. e3 Bg7 5. Ne2 O-O 6. c4 d6 7. Nbc3 f5 8. g3
Nd7 9. Bg2 Nf6 10. b4 Be6 11. d5 Bd7 12. Rb1 Re8 13. O-O Ne4 14. Qc2 Qe7 15.
Nxe4 fxe4 16. Nc3 f5 17. Rfc1 Qf7 18. Qb3 h5 19. h4 Be5 20. Ne2 Kh7 21. Nf4 Rg8
22. Nh3 Bf6 23. Qd1 Qe7 24. c5 Bb5 25. Nf4 Be5 26. Ne6 Bd3 27. cxd6 Bxd6 28.
Rb3 Rac8 29. Bf1 Bxf1 30. Qxf1 Be5 31. Qb5 c6 32. Ng5+ Kg7 33. dxc6 Rgd8 34.
Rbb1 bxc6 35. Rxc6 Rxc6 36. Qxc6 Rd6 37. Qc4 Bf6 38. Nh3 Qd7 39. Rc1 Bd8 40.
Nf4 Bb6 41. Qc3+ Kf7 42. Qh8 Qe8 43. Qh7+ Kf6 44. b5 Qf7 45. Qh8+ Ke7 46. Rc8
Rd8 47. Qe5+ Kf8 48. Qd6+ Ke8 49. Rxd8+ Bxd8 50. Nxg6 Qxa2 51. Qf8+ Kd7 52.
Qxf5+ Kc7 53. Qxe4 1-0

[Event "Michigan Open"]
[Site "Lansing, MI"]
[Date "2001.09.02"]
[Round "4.1"]
[White "Finegold, Ben"]
[Black "Jarosz, Stan"]
[Result "1-0"]
[WhiteElo "2635"]
[BlackElo "2056"]
[PlyCount "53"]
[EventDate "2001.08.31"]

1. d4 d5 2. c4 e6 3. Nc3 Be7 4. Nf3 Nf6 5. Bg5 h6 6. Bxf6 Bxf6 7. e3 O-O 8. Qc2
c6 9. O-O-O Na6 10. h4 g6 11. Ne5 Bxe5 12. dxe5 Qa5 13. f4 Rb8 14. h5 g5 15.
Qf2 f5 16. exf6 Rxf6 17. Qg3 Qc7 18. Rh3 Qg7 19. fxg5 Qxg5 20. cxd5 Qxg3 21.
Rxg3+ Kf8 22. Bxa6 bxa6 23. dxc6 Ke7 24. Rg7+ Rf7 25. Rxf7+ Kxf7 26. Rd8 Ke7
27. c7 1-0

[Event "Michigan Open"]
[Site "Lansing, MI"]
[Date "2001.09.02"]
[Round "5.20"]
[White "Drake, Robert"]
[Black "McIntosh, Shawn"]
[Result "0-1"]
[WhiteElo "1869"]
[BlackElo "1845"]
[PlyCount "102"]
[EventDate "2001.08.31"]

1. e4 e6 2. d3 d5 3. Nd2 c5 4. c3 Nc6 5. Ngf3 Nf6 6. g3 Be7 7. Qe2 O-O 8. Bg2
b5 9. O-O a5 10. e5 Nd7 11. Re1 Ba6 12. Nf1 Rc8 13. h4 d4 14. Bf4 c4 15. cxd4
cxd3 16. Qxd3 Nb4 17. Qe4 Nc2 18. Ng5 Bxg5 19. Bxg5 Qb6 20. Qg4 Kh8 21. Be4
Nxa1 22. Rxa1 f5 23. exf6 Nxf6 24. Bxf6 Rxf6 25. Rd1 Bb7 26. Bxb7 Qxb7 27. Ne3
Qf3 28. Qxf3 Rxf3 29. d5 exd5 30. Rxd5 Rb8 31. Nf5 Rf8 32. Nd6 Rxf2 33. Rxb5
Kg8 34. Nc4 Rc2 35. Nxa5 Rd8 36. Rf5 Rd1+ 37. Rf1 Rxf1+ 38. Kxf1 Rxb2 39. a4
Rb4 40. Kg2 Rxa4 41. Nc6 Kf7 42. Ne5+ Ke6 43. Nf3 Kf5 44. Kh3 h6 45. Ne1 Ke4
46. Ng2 Kf3 47. Ne1+ Ke2 48. Ng2 Kf2 49. Kh2 Rg4 50. h5 Rxg3 51. Nh4 Rg5 0-1

[Event "Michigan Open"]
[Site "Lansing, MI"]
[Date "2001.09.02"]
[Round "4.13"]
[White "Dorrington, Eldon"]
[Black "Drake, Robert"]
[Result "1-0"]
[WhiteElo "1656"]
[BlackElo "1869"]
[PlyCount "107"]
[EventDate "2001.08.31"]

1. c4 g6 2. g3 e5 3. Nc3 d6 4. Bg2 Bg7 5. e3 Ne7 6. Nge2 O-O 7. O-O c6 8. f4 f5
9. Rb1 e4 10. d4 Na6 11. b4 Be6 12. c5 Nc7 13. a4 Bc4 14. Re1 Rb8 15. Ba3 Ncd5
16. Nxd5 Nxd5 17. Qd2 dxc5 18. bxc5 g5 19. Kh1 Bxe2 20. Rxe2 g4 21. Ree1 Rf6
22. Bf1 Rh6 23. Bc4 Kh8 24. Bxd5 Qxd5 25. Rb2 Rf6 26. Reb1 Rf7 27. Qa5 a6 28.
Rb6 Bf6 29. Qb4 Qa2 30. Qb2 Qxb2 31. R1xb2 a5 32. Rxc6 Rd8 33. Rcb6 Rdd7 34. c6
bxc6 35. Rxc6 Kg7 36. Bc5 Bd8 37. Rd6 Rxd6 38. Bxd6 Rd7 39. Be5+ Kf7 40. Rb5
Ke6 41. Rc5 Rb7 42. d5+ Ke7 43. Rc6 Rb1+ 44. Kg2 Bb6 45. Rd6 Ke8 46. Kf2 Rb3
47. Re6+ Kd7 48. Rh6 Bxe3+ 49. Ke2 Bb6 50. Rxh7+ Kc8 51. d6 Re3+ 52. Kd2 Rd3+
53. Kc2 Bc5 54. Rc7+ 1-0